000 00825nam a2200217 i 4500
001 187834
003 SpMaBN
005 20250721062646.0
008 180312s1865 sp |||| | spa d
080 _a33
100 1 _aColmeiro, Manuel (
_d1818-1894)
_939768
245 1 0 _aPrincipios de economía política /
_cpor el doctor D. Manuel Colmeiro.
250 _a2ª ed., notablemente aum.
260 _aMadrid :
_b[s.n.],
_c1865 (
_f: Imp. de F. Martínez García)
300 _a577 p. ;
_c17 cm.
530 _aDisponible en formato digital.
650 0 7 _aEconomía
_2embne
_912006
852 _aES-MaACL
_jL-31898
_z- Enc. hol.
_z. - Donat. herederos de la bibl. de Mª del Pilar Costa Palacín
856 4 1 _uhttp://bdh-rd.bne.es/viewer.vm?id=0000101101&page=1
_zBiblioteca Digital Hispánica
999 _c187834
_d187834